| 000 | 00917cam a22002774a 4500 | ||
|---|---|---|---|
| 999 |
_c9480 _d9480 |
||
| 001 | 16716802 | ||
| 003 | GBCCL | ||
| 005 | 20241126110713.0 | ||
| 008 | 110401s2011 flu 000 0 eng | ||
| 010 | _a 2011013663 | ||
| 020 | _a1882729005 | ||
| 035 | _a(OCoLC)ocn709673721 | ||
| 040 |
_aDLC _cDLC _dIG# _dBTCTA _dZQP _dDLC |
||
| 050 | 0 | 0 |
_aBV3790 _b.B59 2011 |
| 082 | 0 | 0 |
_a269.2 _222 _bBON |
| 100 | 1 |
_aBonnke, Reinhard. _916520 |
|
| 245 | 1 | 0 |
_aEvangelism by fire / _cReinhard Bonnke. |
| 246 | 3 | 4 |
_aEvangelism by fire : _bigniting your passion for the lost |
| 260 |
_aMadurai. : _bWord of Christ publishing house, _c1998. |
||
| 300 |
_a266 p. ; _c23 cm. |
||
| 650 | 0 |
_aEvangelistic work. _9290 |
|
| 650 | 0 |
_aWitness bearing (Christianity) _9428 |
|
| 906 |
_a7 _bcbc _corignew _d1 _eecip _f20 _gy-gencatlg |
||
| 942 |
_2ddc _cBK _01 |
||